The Weeknd Songs by Clue (Happy Birthday Trixie160!) - Statistics

General Stats
  • This quiz has been taken 17 times
  • The average score is 5 of 10
Answer Stats
Question Answer % Correct

Is the longest song on the After Hours album

After Hours

83%

Has the least amount of Spotify streams on the My Dear Melancholy, EP (not counting Call Out My Name - A Capella)

Privilege

83%

Is the least played song on any of The Weeknd's Albums on Spotify (not including the second Wanderlust on Kiss Land (Deluxe))

Heaven Or Las Vegas

67%

Is the first song on Beauty Behind The Madness

Real Life

67%

Is the first The Weeknd song to top German charts

Blinding Lights

50%

Is the first The Weeknd song to reach the Billboard Hot 100

Wicked Games

50%

Is the only NON-explicit song on Beauty Behind The Madness

Can't Feel My Face

33%

Is the shortest song on any of The Weeknd's albums (excluding interludes)

Missed You

33%

Shares the name with a song The Weeknd features on

Secrets

17%

Has over 1,359,000,000 streams on Spotify

Starboy

0%
No matching quizzes found
Score Distribution
Percent of People with Each Score
Percentile by Number Answered
Your Score History
You have not taken this quiz